Steden van Zeeland - Statistics

General Stats
  • This quiz has been taken 14 times
  • The average score is 11 of 21
Answers on the Map
Answers color-coded by a green-red scale on the quiz's map according to % correct below.
 
Answer Stats
answer % Correct
Goes
100%
Vlissingen | Flessingue | Flushing
92%
Hulst
69%
Terneuzen | Terneuse
69%
Zierikzee
69%
Arnemuiden
62%
Sluis | L'Écluse
62%
Tholen
62%
Veere
62%
Brouwershaven
54%
Domburg | Dombourg
54%
Westkapelle
54%
Biervliet
46%
Kortgene
46%
Aardenburg | Aerdenbourg
38%
Axel
38%
IJzendijke | Ysendyck
38%
Sint-Maartensdijk
38%
Philippine
31%
Oostburg | Oostbourg
23%
Sint Ana ter Muiden | Sainte-Anne-ter-Muyden
0%
No matching quizzes found
Score Distribution
Percent of People with Each Score
Percentile by Number Answered
Your Score History
You have not taken this quiz